000 00384nam a2200157Ia 4500
999 _c10878
_d10878
008 191201s2007 xx 000 0 und d
022 _a9780198085416
082 _a621.388 BEV
100 _aBELAVADI, Vasuki
245 0 _aVideo Production
250 _a7th
260 _aNew Delhi
_bOxford
_c2021
300 _a408
650 _aBachelor of Mass Communication
942 _2ddc
_cBK